| 000 | 00543nam a22001697a 4500 | ||
|---|---|---|---|
| 005 | 20251108174950.0 | ||
| 008 | 250721s2010 xx 000 0 ara d | ||
| 082 | 1 | 4 | _a950.2/صلا |
| 100 | 1 | _aالصلابي، محمد علي | |
| 245 | 1 | 0 | _aدولة المغول والتتار بين الانتشار و الانكسار / |
| 264 | 1 |
_aالقاهرة : _bالدار العالمية للكتب والنشر، _c2010. |
|
| 300 | _a444 ص. | ||
| 650 | 1 | 7 | _aالمغول |
| 650 | 1 | 7 | _aالتاريخ |
| 942 |
_2ddc _cBK |
||
| 999 |
_c122673 _d122673 |
||